000 00859nam a2200217 a 4500
001 000045629
005 20201002052344.0
008 090828s1989 dr e 000 0 spa d
040 _aDO-SdBNP
_bspa
_cBNPHU
082 _axxxx
_bR252m
100 1 _aRavelo de la Fuente, Julio E.
_d1910-
_917779
245 1 0 _aManual de procedimientos y relgamentaciones catastrales /
_cJulio E. Ravelo de la Fuente.
260 _aSanto Domingo :
_bUniversitaria-UASD,
_c1989.
300 _a283 p. :
_bplanos ;
_c21 cm.
490 1 _aCiencia y Tecnología
_v23
490 1 _aPublicaciones de la Universidad Autónoma de Santo Domingo
_v542
590 _aPerteneció a la biblioteca personal de Erick Landestoy
504 _aBibliografía p: 273
830 0 _aPublicaciones de la Universidad Autónoma de Santo Domingo
_n542
_973695
830 0 _aCiencia y Tecnología
_n23
_973696
999 _c45118
_d45118